|
|
|
|
| LEADER |
00588nam a2200169Ia 4500 |
| 001 |
170598 |
| 008 |
170722s9999 xx 000 0 und d |
| 020 |
|
|
|a 812060749X
|
| 100 |
|
|
|a Beschi, Joseph
|
| 245 |
|
|
|a Grammar of the common dialect of the Tamil language /
|
| 260 |
|
|
|a New Delhi :
|b Asian Educational Services ,
|c 1997.
|
| 300 |
|
|
|a 147p
|
| 653 |
|
|
|a Tamil Language
|
| 700 |
|
|
|a William Mahon , George
|e translator.
|
| 942 |
|
|
|c GEN
|
| 999 |
|
|
|c 141649
|d 141649
|
| 952 |
|
|
|0 0
|1 0
|4 0
|6 P_319D3_N7
|7 0
|9 200489
|a LIB
|b LIB
|d 2017-08-12
|l 2
|o P31,9D:3 N7
|p 276693
|r 2019-02-02
|s 2019-01-05
|v 295.00
|w 2017-08-12
|y GEN
|